00877nam a22001817a 450000500170000000800410001704000090005810000310006724501990009826000780029730000140037550201000038972000380048972000570052772000430058472000360062772000320066320230512222907.0190410t xxu||||| |||| 00| 0 eng d cCSPC aDelmita Gladdy M.,eauthor00aRelationship between the admission results and the academic performance of the Bachelor of Science in Electrical Enginnering StudentscGladdy M. Delmita, Ma. Theresa N. Duque, Hazel S.F. Secundo aNabua, Camarines Sur :bCamarines Sur Polythectic Colleges ; c2009 a68 leaves aUndergraduate Thesis (BSEE) - Electrical EngineeringcCamarines Sur Polytechnic Colleges, 2009. aPontillas, Virginia V.,eadviser. aBarandon, Seth B. epanelist, chair. aIbarrientos, Jose Ariel R.,epanelist. aCabaltera, Eddie L.,epanelist. aBotor, Lloyd H.,epanelist.